000 00446nam a22001697a 4500
005 20160615104329.0
008 160615b xxu||||| |||| 00| 0 eng d
020 _a0-415-24888-4
041 _aeng
082 _b7694
100 _aJockson, paul and soumi reima
_91960
245 _aE-Business and Work place Redesign
260 _aNew Delhi
_bVikas Publishing House (P) Ltd.
_c2003
300 _a171
650 _aManagement
_9241
942 _cBK
999 _c2747
_d2746